Statistics for Every Country's First Goalscorer at the FIFA World Cup

Click here to take the quiz!

General Stats

  • This quiz has been taken 9 times
  • The average score is 15 of 79

Answer Stats

ConfederationCountryYearAnswer% Correct
CAFIvory Coast2006Didier Drogba
63%
CONMEBOLBolivia1994Erwin Sanchez
50%
AFCQatar2022Mohammed Muntari
50%
CONCACAFCanada2022Alphonso Davies
38%
CAFGhana2006Asamoah Gyan
38%
CONCACAFHaiti1974Emmanuel Sanon
38%
UEFA (continued)Wales1958John Charles
38%
UEFANetherlands1934Kick Smit
38%
UEFAFrance1930Lucien Laurent
38%
UEFAAustria1934Matthias Sindelar
38%
AFCIsrael1970Mordechai Spiegler
38%
CAFSenegal2002Papa Bouba Diop
38%
UEFA (continued)Denmark1986Preben Elkjaer
38%
CAFNigeria1994Rashidi Yekini
38%
AFCAustralia2006Tim Cahill
38%
UEFAItaly1934Angelo Schiavio
25%
CAFSouth Africa1998Benni McCarthy
25%
CONCACAFCuba1938Hector Socorro
25%
UEFA (continuedd)Czechia/Czech Republic2006Jan Koller
25%
UEFA (continuedd)Ireland1990Kevin Sheedy
25%
CONMEBOLBrazil1930Preguinho
25%
CONCACAFJamaica1998Robbie Earle
25%
UEFAGermany/West Germany1934Stanislaus Kobierski
25%
UEFA (continued)England1950Stan Mortensen
25%
OFCNew Zealand1982Steve Sumner
25%
UEFA (continuedd)Bosnia and Herzegovina2014Vedad Ibisevic
25%
CAFEgypt1934Abdelrahman Fawzi
13%
UEFARomania1930Adalbert Desu
13%
CONMEBOLEcuador2002Agustin Delgado
13%
AFCIraq1986Ahmed Radhi
13%
UEFAYugoslavia1930Aleksandar Tirnanic
13%
UEFA (continuedd)Iceland2018Alfred Finnbogason
13%
CAFTunisia1978Ali Kaabi
13%
UEFA (continuedd)Ukraine2006Andriy Rusol
13%
UEFACzechoslovakia1934Antonin Puc
13%
UEFA (continued)Norway1938Arne Brustad
13%
CONCACAFUnited States1930Bart McGhee
13%
UEFABelgium1934Bernard Voorhoof
13%
CONMEBOLChile1930Carlos Vidal
13%
UEFA (continuedd)Greece2010Dimitris Salpingidis
13%
AFCKuwait1982Faisal Al-Dakhil
13%
CONCACAFPanama2018Felipe Baloy
13%
CAFAngola2006Flavio Amado
13%
CONMEBOLColombia1962Francisco Zuluaga
13%
UEFA (continued)Poland1938Friedrich Scherfke
13%
AFCSaudi Arabia1994Fuad Anwar
13%
UEFA (continued)Bulgaria1962Georgi Sokolov
13%
CAFCameroon1982Gregoire M'Bida
13%
CONMEBOLUruguay1930Hector Castro
13%
CONCACAFHonduras1982Hector Zelaya
13%
CAFMorocco1970Houmane Jarir
13%
UEFA (continued)Scotland1958Jimmy Murray
13%
UEFA (continued)East Germany1974Joachim Streich
13%
UEFA (continued)Portugal1966Jose Augusto
13%
UEFASpain1934Jose Iraragorri
13%
CONCACAFMexico1930Juan Carreno
13%
CONCACAFCosta Rica1990Juan Cayasso
13%
AFCUnited Arab Emirates1990Khalid Ismail
13%
UEFASwitzerland1934Leopold Kielholz
13%
CONMEBOLPeru1930Luis de Souza
13%
CONMEBOLArgentina1930Luis Monti
13%
CONCACAFEl Salvador1982Luis Ramirez Zapata
13%
CONMEBOLParaguay1930Luis Vargas Pena
13%
UEFA (continuedd)Croatia1998Mario Stanic
13%
AFCJapan1998Masashi Nakayama
13%
UEFA (continuedd)Serbia2010Milan Jovanovic
13%
CAFTogo2006Mohamed Kader
13%
UEFA (continued)Russia/USSR1958Nikita Simonyan
13%
AFCNorth Korea1966Pak Seung-zin
13%
UEFAHungary1934Pal Teleki
13%
AFCSouth Korea1986Park Chang-sun
13%
CAFAlgeria1982Rabah Madjer
13%
UEFA (continuedd)Slovakia2010Robert Vittek
13%
UEFA (continuedd)Slovenia2002Sebastjan Cimirotic
13%
UEFA (continuedd)FR Yugoslavia/Serbia and Montenegro1998Sinisa Mihajlovic
13%
UEFA (continued)Turkey1954Suat Mamat
13%
UEFASweden1934Sven Jonasson
13%
UEFA (continued)Northern Ireland1958Wilbur Cush
13%
AFCIran1978Iraj Danaeifard
0%

Score Distribution

Percentile by Number Answered

Percent of People with Each Score

Your Score History

You have not taken this quiz